| 000 | 00857nam a22001937a 4500 | ||
|---|---|---|---|
| 008 | 100426s2005 mr|||||r|||| 000 0 ara d | ||
| 020 | _a9953680809 | ||
| 082 |
_222 _a229 _bك م و |
||
| 100 |
_913682 _aكموني، حسن |
||
| 245 |
_aالعقل العربي في القرآن / _cسعد حسن كموني |
||
| 260 |
_aالدار البيضاء: _bالمركز الثقافي العربي ، 2005 _c2005 |
||
| 300 |
_a360 ص ؛ _c23 سم |
||
| 504 | _aببليوجرافية ص 347-356 | ||
| 650 |
_98720 _aالقرآن - أسباب النزول |
||
| 650 |
_913684 _aالقرآن، أمثال |
||
| 650 |
_913683 _aالقرآن، مباحث عامة |
||
| 942 |
_2ddc _cBB |
||
| 999 |
_c13937 _d13937 |
||